LIBRARY & INFORMATION CENTRE, KCAET, TAVANUR

ONLINE PUBLIC ACCESS CATALOGUE (OPAC)

Auto CAD 2013 & Auto CAD LT 2013 BIBLE (Record no. 14383)

MARC details
000 -LEADER
fixed length control field 00357nam a22001337a 4500
020 ## - INTERNATIONAL STANDARD BOOK NUMBER
ISBN 9788126537402
082 ## - DEWEY DECIMAL CLASSIFICATION NUMBER
Classification number 005.369
Item number FIN/AU
100 ## - MAIN ENTRY--AUTHOR NAME
Personal name Finkelstein,Ellen
245 ## - TITLE STATEMENT
Title Auto CAD 2013 & Auto CAD LT 2013 BIBLE
260 ## - PUBLICATION, DISTRIBUTION, ETC. (IMPRINT)
Place of publication New Delhi
Name of publisher Wilet India Pvt.Ltd
Year of publication 2012
300 ## - PHYSICAL DESCRIPTION
Number of Pages 846
500 ## - GENERAL NOTE
General note The Comprehensive, Tutorial Resource
942 ## - ADDED ENTRY ELEMENTS (KOHA)
Koha item type Books
Holdings
Withdrawn status Lost status Damaged status Collection code Home library Current library Shelving location Date acquired Source of acquisition Cost, normal purchase price Full call number Accession Number Koha item type
        KAUAET KAUAET General Stacks 30/03/2013 Aman Book Stall, Calicut 699.00 005.369 FIN/AU 24005 Books
free website counter